Instructions for filling out form OEC, census, Equipment Division personnel.

Bibliographic Details
Corporate Author: United States. Army. Signal Corps
Format: Government Document eBook
Language:English
Published: Washington : U.S. GPO, 1918.
Subjects:
Online Access:Connect to the full text of this electronic document

MARC

Tag First Indicator Second Indicator Subfields
LEADER 00000cam a22000001a 4500
001 in00003700749
005 20190408182116.0
006 m o d f
007 cr bn mmmapmmp
008 040322s1918 dcu o f000 0 eng d
035 |a ebd1910308619 
040 |a UMI  |c UMI  |d UtOrBLW 
086 0 |a W 42.13/1:P 43 
099 |a W42.13-21 
245 0 0 |a Instructions for filling out form OEC, census, Equipment Division personnel. 
264 1 |a Washington :  |b U.S. GPO,  |c 1918. 
300 |a 1 online resource (7 pages) 
336 |a text  |b txt  |2 rdacontent 
337 |a computer  |b c  |2 rdamedia 
338 |a online resource  |b cr  |2 rdacarrier 
500 |a [on War Department employee census paperwork procedure]. 
500 |a Record is based on bibliographic data in ProQuest U.S. Executive Branch Documents, 1910-1932. Reuse except for individual research requires license from ProQuest, LLC. 
533 |a Electronic reproduction.  |b [Bethesda, Md.] :  |c ProQuest,  |d 2012.  |e digital, PDF file.  |n ProQuest U.S. Executive Branch Documents, 1910-1932.  |n Mode of access: World Wide Web via ProQuest website. 
538 |a System requirements: PDF reader software. 
500 |a Electronic resource. 
610 1 0 |a United States.  |b Army.  |b Signal Corps.  |0 http://id.loc.gov/authorities/names/n79099281 
655 7 |a Electronic books.  |2 local 
710 1 |a United States.  |b Army.  |b Signal Corps.  |0 http://id.loc.gov/authorities/names/n79099281 
776 1 8 |i Microfiche version:  |t Instructions for filling out form OEC, census, Equipment Division personnel  |o CIS US Exec MF W42.13-21  |w (ProQuest)cis191306005 
856 4 0 |u http://proxy.library.tamu.edu/login?url=http://congressional.proquest.com/congressional/docview/t66.d71.w42.13-21  |z Connect to the full text of this electronic document  |t 0 
999 f f |s 25d94c0a-859a-3d36-bfce-d95a31640565  |i d0f70784-9c51-3788-a47c-c506aeb664a2  |t 0 
952 f f |a Texas A&M University  |b College Station  |c Electronic Resources  |d Available Online  |t 0  |h No information provided 
998 f f |t 0  |l Available Online